000 00890nam0a2200241 4500
001 RU\NLR\BIBL_A\011172616
005 20250625212821.0
035 _a(NLR Aleph) 011172616
090 _a11773967
_c11773967
100 _a20160706d1956 |||y0rusy50 ca
101 0 _asah
102 _aRU
105 _ay z 000 y
200 1 _aРахит
_fМ. И. Любимова
_gСаха АССР доруобуйа харыстабылын мин-вотын Санитарнай сырдатыытын дьиэтэ
210 _aЯкутскай
_cСаха сиринээҕи кинигэ изд-вота
_d1956
215 _a5, [1] с.
_d22
606 1 _aРахит
_9950645
_3RU\NLR\AUTH\6634569
686 1 _aР733.415
700 1 _aЛюбимова
_bМ. И.
_gМария Исаевна
_4070
852 _aNLR
_bОНЛ
_jЯкут./3-814
942 _cBOOK
980 _aNB